000 00665nam a2200169 4500
999 _c3684
_d3684
008 160804b xxu||||| |||| 00| 0 eng d
022 _a00014826
082 _aDPer 657.05 Ac27 Nov 2015 v. 90, n. 6
100 _912269
_aPyzoha, Jonathan S.
243 _a
245 _aWhy do restatements decrease in a clawback environment? an investigation into financial reporting executives' decision-making during the restatement process/
_cJonathan S. Pyzoha
260 _aSarasota, Florida:
_bAmerican Accounting Association, .
_c©2015.
300 _av90 n6, pages 2515-2536;
_c26 cm
500 _aThe Accounting Review
650 0 _919414
_aFinance
942 _2ddc
_cPER